|
|
|
|
| LEADER |
00000nam0a2200000 4500 |
| 001 |
361966 |
| 005 |
20231102011436.0 |
| 035 |
|
|
|a (RuTPU)RU\TPU\retro\19312
|
| 090 |
|
|
|a 361966
|
| 100 |
|
|
|a 20210708d1980 m y0rusy50 ca
|
| 101 |
0 |
|
|a rus
|
| 102 |
|
|
|a RU
|
| 105 |
|
|
|a a z 001zy
|
| 200 |
1 |
|
|a Литейные сплавы, применяемые в машиностроении
|f А. А. Соколов, А. Н. Соколов
|
| 210 |
|
|
|a Ленинград
|c Машиностроение
|d 1980
|
| 215 |
|
|
|a 88 с.
|c ил.
|
| 225 |
1 |
|
|a Библиотечка литейщика
|v Вып. 1
|
| 320 |
|
|
|a Библиогр.: с. 87
|
| 606 |
1 |
|
|a Литейные сплавы
|2 stltpush
|3 (RuTPU)RU\TPU\subj\40335
|9 60191
|
| 610 |
1 |
|
|a сплавы черных металлов
|
| 610 |
1 |
|
|a отливки
|
| 610 |
1 |
|
|a механические свойства
|
| 610 |
1 |
|
|a назначение
|
| 610 |
1 |
|
|a сплавы цветных металлов
|
| 610 |
1 |
|
|a литейные свойства
|
| 675 |
|
|
|a 621.74:669.018
|v 4
|
| 700 |
|
1 |
|a Соколов
|b А. А.
|g Александр Алексеевич
|
| 701 |
|
1 |
|a Соколов
|b А. Н.
|g Алексей Николаевич
|
| 801 |
|
1 |
|a RU
|b 63413507
|c 20210708
|
| 942 |
|
|
|c BK
|